O nabo gigante (Registo nº 4337)

Detalhes MARC
000 -Etiqueta do registo
Cabeçalho 00787nam a2200277 4500
005 - Identificador da versão
Campo de controlo 20240813122058.0
010 ## - Número internacional normalizado dos livros (ISBN)
Número (ISBN) 9722412051
021 ## - Número do Depósito Legal
Código do país PT
Número 180042/02
100 ## - Dados gerais de processamento
Dados gerais de processamento 20060324d2005 cb y0pory5003 ba
102 ## - Pais de publicação ou produção
País de publicação Portugal
101 1# - Língua de publicação
Língua do texto, banda sonora, etc. Português
Língua do documento no original Inglês
215 ## - Descrição física 
Indicação específica da natureza do documento e extensão da espécie [37] p.
Outras indicações físicas il.
Dimensões 28 cm
200 1# - Titulo e menção de responsabilidade
Título próprio O nabo gigante
Primeira menção de responsabilidade Alexis Tolstoi
Outras menções de responsabilidade il. Niamh Sharkey
-- trad. Susana Andrade
205 ## - Menção da edição
Menção da edição 2ª ed.
210 ## - Publicação, Distribuição, etc. 
Lugar da edição, distribuição, etc. Lisboa
Nome do editor, distribuidor, etc. Livros Horizonte
Data da publicação, distribuição, etc. 2005
304 ## - Notas relativas a título e menção de responsabilidade 
Texto da nota Tit. orig: The gigantic turnip
510 1# - Título paralelo
Título paralelo The gigantic turnip
Language of Title eng
675 ## - Classificação Decimal Universal (CDU)
Notação 087.5:82/89-34
Edição med
Língua da edição fre
702 #1 - Nome de autor-pessoa física (responsabilidade secundária)
Número de registo de entrada de autoridade 0001120
Palavra de ordem Sharkey
Outra parte do nome não tomada para palavra de ordem Niamh
Código de função Ilustrador / Técnico de desenho computorizado
Número de registo de entrada de autoridade 0001121
Palavra de ordem Andrade
Outra parte do nome não tomada para palavra de ordem Susana
Código de função Tradutor
700 #1 - Nome de autor-pessoa física (responsabilidade principal)
Número de registo de entrada de autoridade 0001119
Palavra de ordem Tolstoi
Outra parte do nome não tomada para palavra de ordem Alexis
942 ## - Elementos de entrada adicionados (Koha)
Tipo de item no Koha Livro
Exemplares
Situação do levantamento Origin of item (home branch) (coded) Biblioteca de empréstimo Código de barras Cota Circulation type (not for loan) Tipo de documento Nota do exemplar Damaged status
  Biblioteca Escolar das Vendas Biblioteca Escolar das Vendas BEV886 8EST TOL   Livro Sem mensagem